Environmental science : the way the world works
Αποθηκεύτηκε σε:
| Κύριος συγγραφέας: | |
|---|---|
| Άλλοι συγγραφείς: | |
| Μορφή: | Βιβλίο |
| Γλώσσα: | English |
| Δημοσίευση: |
Englewood Cliffs :
Prentice Hall,
c1993
|
| Έκδοση: | 4th ed. |
| Θέματα: | |
| Ετικέτες: |
Προσθήκη ετικέτας
Δεν υπάρχουν, Καταχωρήστε ετικέτα πρώτοι!
|
MARC
| LEADER | 00000pam a2200000 i 4500 | ||
|---|---|---|---|
| 001 | 1/100033 | ||
| 008 | 950410s1993 eng d | ||
| 020 | |a 0-13-285446-5 | ||
| 035 | |l 10011538 | ||
| 040 | |a GR-MY-UA |b gre |e aacr | ||
| 041 | 0 | |a eng | |
| 082 | 0 | |a 363.7 |2 (20) | |
| 100 | 1 | |a Nebel, Bernard J. | |
| 245 | 1 | 0 | |a Environmental science : |b the way the world works / |c Bernard J. Nebel, Richard T. Wright |
| 250 | |a 4th ed. | ||
| 260 | |a Englewood Cliffs : |b Prentice Hall, |c c1993 | ||
| 300 | |a xxi, 630 σ.; |b εικ. (μερ. έγχρ.), έγχρ. χάρτες; |c 29 εκ. | ||
| 504 | |a Περιέχει βιβλιογραφικές παραπομπές (σ. 565-585) και ευρετήριο | ||
| 650 | 0 | 0 | |a Environmental sciences. |
| 700 | 1 | |a Wright, Richard T. |d 1933- | |
| 852 | |a INST |b LESVOS |e 19950410 |h 363.7 ΝΕΒ |p 005100001715 |q 005100001715 |t BK |y 0 | ||
| 909 | |a Λ |b 035730 | ||